The effects of education on health

Saved in:
Bibliographic Details
Main Author: Cochrane, Susan Hill 1943-
Other Authors: O'Hara, Donald J., Leslie, Joanne
Format: Book
Language:English
Published: Washington, D.C. : The world bank, 1980
Series:World Bank staff working paper
Subjects:
Tags: Add Tag
No Tags, Be the first to tag this record!

MARC

LEADER 00000nam a2200000 i 4500
001 1/89328
008 960708s1980 eng d
020 |a 0-8213-9267-0 
035 |a 1987  |c Αγορά  |l 10035722 
040 |a GR-MY-UA  |b gre  |e aacr 
041 0 |a eng 
082 0 |a 370.02 
100 1 |a Cochrane, Susan Hill  |d 1943- 
245 1 4 |a The effects of education on health /  |c Susan H.Cochrane, Donald J.O'Hara, Joanne Leslie 
260 |a Washington, D.C. :   |b The world bank,   |c 1980 
300 |a 96 σ. 
490 1 |a World Bank staff working paper  |v ; 405 
650 0 0 |a Child care  |x Mathematical models. 
650 0 0 |a Mortality  |x Mathematical models. 
650 0 0 |a Parents  |x Education  |x Mathematical models. 
650 0 0 |a Life expectancy  |x Mathematical models. 
650 0 0 |a Cross-cultural studies. 
700 1 |a O'Hara, Donald J. 
700 1 |a Leslie, Joanne. 
830 0 |a World Bank staff working paper 
852 |a INST  |b RHODES  |e 19960708  |h 370.092 COC  |p 005400002828  |q 005400002828  |t BK  |y 0 
909 |a Ρ  |b 007203  |c 1987